000
00315nam a22001217a 4500
020
_a
0-273-43061-0
082
_a
621.165 KEA'S
100
_a
KEARTON, W. J
_9
74462
245
_a
STEAM TURBINE THEORY AND PRACTICE A TEXTBOOK FOR ENGINEERING STUDENTS
260
_a
LONDON
_b
ELBS
_c
1973
300
_a
861P
942
_c
BK
999
_c
583582
_d
583582